Quizzes
Events
Quiz Creation
Community
Videos
Private Events
Remove Ads
Sign In
Join for FREE
Feedback
Dark Mode
Quiz Categories
Sports
Geography
Music
Movies
Television
Just For Fun
Miscellaneous
History
Literature
Language
Science
Gaming
Entertainment
Religion
Holiday
For Kids
Quiz Lab
Recent
Popular Today
Quiz Kudos Today
Editor Picks
Curator Picks
Quizzes by...
Day
Popularity
Type
Ratings
Length
Year
Community
Subscriptions
Recent Discussions
Orange Saloon
Badges
Playlists
Quests
Create
Leaderboards
Showdown
Live 5
Trivia Bingo
Activity
Puzzle Library
Sporcle Events
Private Events
Virtual Trivia
Globe League
Become a Host
Pub Owners
SporcleCon
Opinionation
Our Games
Videos
Blog
Mobile Apps
Partnerships
Remove Ads and Go Orange
Feedback
Gaming
Video Games
Board Games
Card Games
Pokémon
Mario
Nintendo
Minecraft
Console
Toys
Legend of Zelda
Gaming
Video Games
Board Games
Card Games
Pokémon
Mario
Nintendo
Minecraft
Console
Toys
Legend of Zelda
Random Quiz
Search Sporcle
×
Quiz Lab
Quiz Lab
Gaming
custom
Type in answers that appear in a list
Type in answers that appear in a list
Classic
Best Score? Go Orange.
Custom Robo Arena Stats
Can you name the Can you name the Custom Robo Arena Robos by their class?
By
kinglovehp
20m
55 Questions
16 Plays
16 Plays
16 Plays
Comments
Comments
Give Quiz Kudos
Give Quiz Kudos
-
- Ratings
hide this ad
Replay
Link that replays current quiz
Next Quiz
Link to next quiz in quiz playlist
You Got
0%
They Got
Avg Score
45%
Avg Friend Score
Upgrade to see
Score Distribution
Jump to the score distribution portion of the page
Score
0/55
Timer
20:00
0
Plays Today
Class
Robo
% Correct
Shining Fighter
Ray
87.5%
Shining Fighter
Ray Mk 3
62.5%
Shining Fighter
Ray Mk 2
62.5%
Shining Fighter
Ray 01
62.5%
Metal Grappler
Metal Ape
62.5%
Illegal 2
Hadron
62.5%
Little Sprinter
Swift
56.3%
Strike Vanisher
Javelin
56.3%
Illegal 2
Jameson
56.3%
Special
Chick
56.3%
Shining Fighter
Apollo
50%
Shining Fighter
X-Ray
50%
Wild Soldier
Klimt
50%
Trick Flyer
Oracle
50%
Lightning Sky
Tempest
50%
Illegal 2
Majel
50%
Shining Fighter
Shadow
43.8%
Aerial Beauty
Luna
43.8%
Aerial Beauty
Comet
43.8%
Metal Grappler
Rock Hound
43.8%
Little Raider
Pipit
43.8%
Little Raider
Robin
43.8%
Little Sprinter
Nano
43.8%
Wild Soldier
Zola
43.8%
Big Boy
Seal Kid
43.8%
Old Timer
Gramps
43.8%
Old Timer
Codger
43.8%
Strike Vanisher
Pike
43.8%
Class
Robo
% Correct
Burning Beast
Leon
43.8%
Burning Beast
Wolfen
43.8%
Lightning Sky
Hurricane
43.8%
Illegal 1
Snipe
43.8%
Illegal 1
Freya
43.8%
Illegal 1
Violent Boar
43.8%
Illegal 1
Katana
43.8%
Illegal 2
Ray 2 Dark
43.8%
Special
Ray Sky
43.8%
Special
AIRS
43.8%
Special
Carat
43.8%
Aerial Beauty
Miranda
37.5%
Little Raider
Rook
37.5%
Little Sprinter
Bit
37.5%
Sassy Stunner
Anne
37.5%
Sassy Stunner
Vanessa
37.5%
Big Boy
Borane
37.5%
Big Boy
Gigantron
37.5%
Old Timer
Fogey
37.5%
Burning Beast
Tricerion
37.5%
Lightning Sky
Mistral
37.5%
Metal Grappler
Crazy Baboon
31.3%
Wild Soldier
Carlyle
31.3%
Trick Flyer
Mantis
31.3%
Trick Flyer
Stinger
31.3%
Strike Vanisher
Glaive
31.3%
Sassy Stunner
Amy
25%
Quiz Playlist
Details
Report
Send in Message
Add To Playlist
Classic:
Type in answers that appear in a list
Last Updated: Feb 16, 2017
Quiz Scoreboard
CHALLENGE
Sign Up to Join the Scoreboard
Show All
Scores
Hide
Comments
May contain spoilers
Recently Published
Billboard Blitz: Fleetwood Mac
by CooCooCachoo
Music
15s
Presidents Visiting Landmarks
by Hejman
History
7m
An Introduction to Baseball
by treessimontrees
Sports
5m
More to Explore
Quiz From the Vault
Featured Blog Post
Where Did the Easter Bunny Come From?
hide this ad
You Might Also Like...
Tags
arena
class
custom
rob
Today's Top Quizzes in Gaming
Browse Gaming
hide this ad
Today's Top Quizzes in custom
Browse custom
Top Contributed Quizzes in Gaming
1
5-to-1: Consoles
2
7-to-1: Board Game Piece Blitz
3
5-to-1: Legend of Zelda
4
Destiny 2 exotic weapons by perk icons
5
League of Legends Pro Players by Career/Team History
6
Ultimate Genshin Impact Logic Puzzle (up to 4.3)
7
Franchise by Action Figure
8
Genshin Impact Logic Puzzle Quiz
9
Who's on the WWE 2K24 Cover?
10
Overwatch Logic Puzzle
Explore More
Trending Topics
Crossword
Anime
NBA
Kpop
Disney
Harry Potter
Marvel
Country
Pokémon
WWE
The Office
Song
Soccer
NFL
Puzzle
hide this ad
More By:
kinglovehp
Quiz
Plays
Rating
Category
Featured
Created
Taylor Swift's Mine Lyrics
1,142
2.50
Music
Sep 25, 2010
Potter Family
305
3.67
Literature
Oct 10, 2010
Custom Robo Arena
16
Gaming
Dec 23, 2010
Go to Creator's Profile
Score Distribution
Quiz Creator Spotlight
kinglovehp
Follow
Send a Message
Quizzes Created
-
Created Quiz Play Count
-
More By This Creator
Popular Quizzes Today
1
Find the US States - No Outlines Minefield
2
Find the Countries of Europe - No Outlines Minefield
3
The Countries of the World
4
Find the US States
5
US States
6
Risky Map Clicking: Biggest States A-Z
7
Popular People in 1961
8
Movies - When Are They Set?
More Gaming Quizzes
Games without FRONTIERS - Video Games
Editor's Pick
Trending Quizzes
Risky Map Clicking: Least Populous States A-Z
1-10 Letter G Words
1-10 Letter F Words
Risky Map Clicking: Next State Alphabetically
Risky Map Clicking: Biggest States A-Z
Recently Updated
Leaping Animals
pecheneg
Reality TV Shows (A-Z)
bhenderson79
Rickey Henderson's Hall of Fame Teammates
pecheneg
Champions League XIs: Arsenal
pecheneg
Quick Pick: Celebrities in WWE's Hall of Fame
aduchscher
A-Z Keypad Blitz II
pecheneg
Multiple Oscar Actors
pecheneg
Mystery Phrase Blitz: Oscar 'Best Actors'
pecheneg
F. Scott Fitzgerald Novels
LTH
Pick 3 Villains
ddd62291
Trending Topics
Marvel
NBA
Disney
Anime
Crossword
Harry Potter
Kpop
Song
Country
Pokémon
The Office
WWE
Puzzle
Soccer
NFL
Your Account Isn't Verified!
In order to create a playlist on Sporcle, you need to verify the email address you used during registration. Go to your
Sporcle Settings
to finish the process.
Report this User
Report this user for behavior that violates our
Community Guidelines
.
Details:
Send Report
Go to the Sporcle.com Mobile Site →
Comments